Demystifying the economics of technology : (Record no. 1430411)

MARC details
000 -LEADER
fixed length control field 00592nam a2200193Ia 4500
005 - DATE AND TIME OF LATEST TRANSACTION
control field 20250619170540.0
008 - FIXED-LENGTH DATA ELEMENTS--GENERAL INFORMATION
fixed length control field 008 250516s9999 xx 000 0 eng d
020 ## - INTERNATIONAL STANDARD BOOK NUMBER
International Standard Book Number 978938316640
040 ## - CATALOGING SOURCE
Language of cataloging eng
Transcribing agency SDCL
041 ## - LANGUAGE CODE
Language code of text/sound track or separate title eng
Source of code eng
084 ## - COLON CLASSIFICATION NUMBER
Classification number X:8:(D6,8(B)) R5
100 ## - MAIN ENTRY--PERSONAL NAME
Personal name Ray, Amit Shovon
245 #0 - TITLE STATEMENT
Title Demystifying the economics of technology :
Remainder of title Perspectives on development with reflections from india
260 ## - PUBLICATION, DISTRIBUTION, ETC.
Place of publication, distribution, etc. New Delhi :
Name of publisher, distributor, etc. Social Science Press,
Date of publication, distribution, etc. 2025.
300 ## - PHYSICAL DESCRIPTION
Extent xiv, 209p.
490 ## - SERIES STATEMENT
Series statement Creative lies and works
650 ## - SUBJECT ADDED ENTRY--TOPICAL TERM
Topical term or geographic name entry element Economics
942 ## - ADDED ENTRY ELEMENTS (KOHA)
Koha item type Textual
Source of classification or shelving scheme Colon Classification (CC)
100 ## - MAIN ENTRY--PERSONAL NAME
-- 310217
999 ## -
-- 1430411
-- 1430411
Holdings
Withdrawn status Lost status Source of classification or shelving scheme Damaged status Not for loan Home library Current library Date acquired Source of acquisition Inventory number Total checkouts Full call number Barcode Date last seen Price effective from Koha item type
    Colon Classification (CC)     South Campus Library South Campus Library 2025-05-22 Gift Gift   X:8:(D6,8(B)) R5 SC1439652 2025-05-22 2025-05-22 Textual
Copyright @ Delhi University Library System